Kings of Thebes - Statistics

General Stats
  • This quiz has been taken 19 times
  • The average score is 6 of 23
Answer Stats
King % Correct
Creon I
86%
Creon II
86%
Oedipus
86%
Cadmus
57%
Laius
43%
Amphion
29%
Eteocles
29%
Polynices
29%
Xanthos
29%
Labdacus
14%
Laodamas
14%
Lycus I
14%
Lycus II
14%
Peneleos
14%
Pentheus
14%
Ptolmey
14%
Zethus
14%
Autesion
0%
Damasichthon
0%
Nycteus
0%
Polydorus
0%
Thersander
0%
Tisamenus
0%
No matching quizzes found
Score Distribution
Percent of People with Each Score
Percentile by Number Answered
Your Score History
You have not taken this quiz